| 000 | 01908cam a22003137a 4500 | ||
|---|---|---|---|
| 999 |
_c331613 _d331613 |
||
| 001 | 14483588 | ||
| 003 | NUST | ||
| 005 | 20171006101904.0 | ||
| 008 | 060807s2003 pk 000 0 eng d | ||
| 010 | _a 2006330735 | ||
| 020 | _a9698755012 | ||
| 035 | _a(CStRLIN)NYPGR54789910-B | ||
| 035 | _a(OCoLC)54789910 | ||
| 035 | _a(WaOLN)M160000187 | ||
| 040 |
_aJHS _cJHS _dOCLCQ _dNYP _dUtOrBLW _dDLC |
||
| 042 | _alccopycat | ||
| 043 | _aa-pk--- | ||
| 050 | 0 | 0 | _aMLCM 2008/43889 (H) |
| 082 |
_a300.95491 _bSOC |
||
| 245 | 0 | 0 |
_aSocial science in Pakistan in the 1990s / _cedited by S. Akbar Zaidi. |
| 250 | _a1st ed. | ||
| 260 |
_aIslamabad : _bCouncil of Social Sciences, _c2003. |
||
| 300 |
_a319 p. ; _c23 cm. |
||
| 500 | _a"Printed with the financial assistance of the UNESCO office in Islamabad"--T.p. verso. | ||
| 505 | 0 | _aIntroduction / S. Akbar Zaidi -- The social sciences in Pakistan : an evaluation / Inayatullah -- Economists and Pakistan's economic development : is there a connection? / S.M. Naseem -- Conditions of teaching and research in economics : some preliminary findings / S.M. Naseem, S.K. Qureshi and Rehana Siddiqui -- The economics profession in Pakistan : a historical analysis / Nadeem Ul Haque and Mahmood Hasan Khan -- Contemporary sociology in Pakistan / Hassan N. Gardezi -- Mass communications research as a social science discipline : problems and opportunites / Fazal Rahim Khan, Hashmat Ali Zafar and Abdus Sattar Abbasi -- The university historian / K.K. Aziz -- History, social studies and civics and the creation of enemies / Rubina Saigol -- The dismal state of the social sciences in Pakistan / S. Akbar Zaidi. | |
| 650 | 0 |
_aSocial sciences _zPakistan. _95290 |
|
| 700 | 1 |
_aZaidi, S. Akbar. _95291 |
|
| 710 | 2 |
_aCouncil of Social Sciences (Islamabad, Pakistan) _95255 |
|
| 906 |
_a7 _bcbc _ccopycat _d4 _encip _f20 _gy-gencatlg |
||
| 942 |
_2ddc _cBK |
||